Trust Fund Baby - Why Don’t We - All Lyrics - Statistics

General Stats
  • This quiz has been taken 31 times
  • The average score is 404 of 499
Answer Stats
Answer % Correct
a
100%
(ah-ow,
100%
don't
100%
Don’t
100%
don’t
100%
Don't
100%
(hey!)
100%
I
100%
na-na)
100%
na-na-na
100%
ow)
100%
want
100%
Want
100%
yah
100%
get
95%
girl
95%
girl,
95%
her
95%
Her
95%
on
95%
to
95%
we
95%
who
95%
Who
95%
and
90%
And
90%
car
90%
daddy
90%
for
90%
gets
90%
of
90%
sixteen
90%
sweet
90%
dollar
86%
in
86%
It
86%
it
86%
money,
86%
spend
86%
baby
81%
bills
81%
fund
81%
limousine
81%
no
81%
(no,
81%
No,
81%
stack
81%
trust
81%
wears
81%
what
81%
you
81%
fix
76%
jeans
76%
like
76%
my
76%
Or
76%
Save
76%
she
76%
spends
76%
that
76%
the
76%
town
76%
women
76%
about
71%
are
71%
bus
71%
cars,
71%
e-e-e-else
71%
father
71%
fit
71%
hell
71%
independent
71%
lady"
71%
lady,
71%
lady
71%
laugh
71%
makeup
71%
maybe
71%
need
71%
nothing
71%
out
71%
people,
71%
Rockin'
71%
say
71%
short
71%
skirt,
71%
smart
71%
Someone
71%
stronger
71%
takes
71%
than
71%
"That's
71%
(that's
71%
took
71%
work
71%
Airs,
67%
baggy
67%
crowd
67%
daddy’s
67%
drop
67%
figure
67%
free
67%
have
67%
house
67%
how
67%
I'm
67%
Louboutins?
67%
me,
67%
me
67%
me)
67%
Nike
67%
numbers
67%
our
67%
pink
67%
prom
67%
queen
67%
rich
67%
Shop
67%
type
67%
until
67%
Where
67%
your
67%
could
62%
fake
62%
getting
62%
love
62%
Move
62%
nicer
62%
part
62%
real
62%
really
62%
selfies,
62%
tan,
62%
told
62%
tryna
62%
used
62%
we'd
62%
while
62%
will
62%
all
57%
birthday,
57%
dirt
57%
dream
57%
is
57%
makes
57%
mean
57%
Missy
57%
sense,
57%
always
52%
brings
52%
common
52%
loves
52%
man
52%
mixtape
52%
puts
52%
throwback
52%
wanna
52%
50
48%
cassette
48%
Cent
48%
climbs
48%
dripping
48%
kid
48%
trees,
48%
with
48%
but
43%
die
43%
just
43%
who's
43%
confidence
33%
proper
33%
Elliott
24%
No matching quizzes found
Score Distribution
Percent of People with Each Score
Percentile by Number Answered
Your Score History
You have not taken this quiz